Đại Nam Thực Lục : Chính biên (Đệ nhị kỷXI) . t. XV : Minh Mệnh năm thứ 15 (1934)

Guardat en:
Dades bibliogràfiques
Autors principals: Nguyễn Thế Đạt, Trương Văn Chinh
Altres autors: Nguyễn Văn Chiên
Format: Sách giấy
Idioma:Vietnamese
Publicat: Hà Nội : Khoa học Xã hội , 1963
Matèries:
Etiquetes: Afegir etiqueta
Sense etiquetes, Sigues el primer a etiquetar aquest registre!
Thư viện lưu trữ: Thư viện Trường Đại học Đà Lạt
LEADER 00846nam a2200301 4500
001 DLU020012350
005 ##5/24/2000
020 # # |a 978- 
041 # # |a vie 
082 # # |a 959.703  |b QUO 
090 # # |a 959.703  |b QUO 
100 # # |a Nguyễn Thế Đạt 
100 # # |a Trương Văn Chinh 
245 # # |a Đại Nam Thực Lục :  |b Chính biên (Đệ nhị kỷXI) .  |n t. XV :  |p Minh Mệnh năm thứ 15 (1934) 
260 # # |a Hà Nội :  |b Khoa học Xã hội ,  |c 1963 
300 # # |a 398 tr.;   |c 19 cm. 
651 # # |a Việt Nam  |x Lịch sử  |y Triều đại nhà Nguyễn, 1802-1945. 
651 # # |a Việt Nam  |x Lịch sử. 
700 # # |a Nguyễn Văn Chiên 
992 # # |a 324 
994 # # |a DLU 
900 # # |a False 
911 # # |a Administrator 
925 # # |a G 
926 # # |a A 
927 # # |a SH 
980 # # |a Thư viện Trường Đại học Đà Lạt